000 02810nam a2200397 i 4500
001 ebr10843254
003 CaPaEBR
006 m o d
007 cr cn|||||||||
008 131023t20142014njuad ob 000 0 eng|d
020 _z9781617116056 (hardback)
020 _a9781617119941 (e-book)
040 _aCaPaEBR
_beng
_erda
_epn
_cCaPaEBR
035 _a(OCoLC)872641115
050 1 4 _aRE451
_b.B87 2014eb
082 0 4 _a617.7/42059
_223
100 1 _aBuratto, Lucio,
_eauthor.
245 1 0 _aCataract surgery :
_bintroduction and preparation /
_cLucio Buratto, Stephen F. Brint, Laura Sacchi.
264 1 _aThorofare, New Jersey :
_bSlack Incorporated,
_c[2014]
264 4 _c�2014
300 _a1 online resource (142 pages) :
_billustrations (chiefly color)
336 _atext
_2rdacontent
337 _acomputer
_2rdamedia
338 _aonline resource
_2rdacarrier
504 _aIncludes bibliographical references.
520 _a"Cataract Surgery: Introduction and Preparation offer the latest information and examines the most popular instruments used, the preoperative examination, and the operating technique for cataract surgery. Dr. Lucio Buratto, Dr. Stephen Brint, and Dr. Laura Sacchi provide a step-by-step approach to facilitate assessing the patient, performing the technique, and managing cataract surgery in the most optimal way possible. Cataract Surgery: Introduction and Preparation will lead beginning surgeons down the exciting path of cataract surgery as they increase their knowledge of phacoemulsification and the femtolaser by learning all the details associated with the procedures. Cataract Surgery: Introduction and Preparation covers a wide variety of topics, including presurgery examination, incisions, capsulorhexis, hydrodissection, prevention of endophthalmitis, and ophthalmic viscosurgical devices for modern cataract surgery. Supplemented by more than 200 color illustrations, diagrams, a glossary, and references, all surgeons from beginner to expert will want this unique resource by their side"--Provided by publisher.
588 _aDescription based on print version record.
590 _aElectronic reproduction. Palo Alto, Calif. : ebrary, 2014. Available via World Wide Web. Access may be limited to ebrary affiliated libraries.
650 0 _aCataract
_xSurgery.
655 0 _aElectronic books.
700 1 _aBrint, Stephen F.,
_d1946-
_eauthor.
700 1 _aSacchi, Laura,
_eauthor.
776 0 8 _iPrint version:
_aBuratto, Lucio.
_tCataract surgery : introduction and preparation.
_dThorofare, New Jersey : Slack Incorporated, [2014]
_z9781617116056
_w(DNLM)101618599
_w(DLC)10843254
797 2 _aebrary.
856 4 0 _uhttp://site.ebrary.com/lib/rucke/Doc?id=10843254
_zAn electronic book accessible through the World Wide Web; click to view
999 _c92904
_d92904